Štúdium oxidačnej oddolnosti vysokoteplotnej keramiky na báze ZrB\(_{2}\)-SiC

Enregistré dans:
Détails bibliographiques
Auteur principal: Kováčová, Zuzana (Auteur)
Autres auteurs: Bača, Ľuboš, 1974- (Directeur de thèse)
Format: Manuscrit Livre
Langue:slovaque
Sujets:
Accès en ligne:http://is.stuba.sk/zp/portal_zp.pl?podrobnosti=103943
Tags: Ajouter un tag
Pas de tags, Soyez le premier à ajouter un tag!

MARC

LEADER 00000ntm a22000003a 4500
001 stuzp46654
003 SK-STU
005 20150617230330.6
007 ta
008 150427s2015----xo-----f-mn---000-0-slo-d
040 |a STU  |b slo 
041 0 |a slo 
100 1 |a Kováčová, Zuzana  |u 042110  |4 aut  |U FCHPT Ústav anorganickej chémie, technológie a materiálov  |T FCHPT Oddelenie keramiky, skla a cementu  |X 68619  |U C2110  |Y 110  |7 68619 
242 0 1 |a A Study of Oxidation Resistance of Ultra High-Temperature Ceramic based on ZrB2-SiC  |y eng 
245 1 0 |a Štúdium oxidačnej oddolnosti vysokoteplotnej keramiky na báze ZrB\(_{2}\)-SiC 
650 4 |a ZrB2-SiC  |2 slo 
650 4 |a oxidačná odolnosť  |2 slo 
650 4 |a spekanie  |2 slo 
650 4 |a tvrdosť  |2 slo 
650 4 |a lomová húževnatosť  |2 slo 
650 4 |a ZrB2-SiC  |2 eng 
650 4 |a oxidation resistance  |2 eng 
650 4 |a sintering  |2 eng 
650 4 |a hardness  |2 eng 
650 4 |a fracture toughness  |2 eng 
700 1 |a Bača, Ľuboš,  |d 1974-  |4 ths  |X 70834  |7 A0000070834 
856 4 |u http://is.stuba.sk/zp/portal_zp.pl?podrobnosti=103943 
SQL |a stuzp46654  |b DDP  |c SLO  |d Štúdium oxidačnej oddolnosti vysokoteplotnej keramiky na báze ZrB\(_{2}\)-SiC  |e 68619  |f Kováčová, Zuzana  |g 042110  |h 70834  |i Bača, Ľuboš  |j 20140610  |k 117  |l 04  |m http://is.stuba.sk/zp/portal_zp.pl?podrobnosti=103943